| 000 | 01196nam a2200289 4500 | ||
|---|---|---|---|
| 999 |
_c203 _d203 |
||
| 003 | BJBSDDR | ||
| 005 | 20230404125557.0 | ||
| 007 | ta | ||
| 008 | 060907s1990 cl spa | ||
| 020 | _a9213213395 | ||
| 020 | _a9789213213391 | ||
| 040 |
_bspa _cBJBSDDR |
||
| 041 | _aspa | ||
| 050 | 1 | 4 |
_aHJ 8514.5 _bC733a 1990 |
| 110 | 2 | _aComisión Económica para América Latina y el Caribe. | |
| 240 | 1 | 0 |
_aLatin America and the Caribbean, options to reduce the debt burden. _lEspañol |
| 245 | 0 | 0 |
_aAmérica Latina y el Caribe : _bopciones para reducir el peso de la deuda / _cComisión Económica para América Latina y el Caribe. |
| 260 |
_aSantiago de Chile : _bNaciones Unidas, Comisión Económica para América Latina y el Caribe (CEPAL), _c1990 |
||
| 300 |
_a118 p. : _bill. ; _c26 cm. |
||
| 500 | _ano. de venta: S.90.II.G.7. | ||
| 504 | _aIncludes bibliographical references. | ||
| 650 | 4 |
_94994 _aDeuda externa _zAmérica Latina |
|
| 650 | 4 |
_95560 _aEstabilización económica _zAmérica Latina |
|
| 651 | 4 |
_96536 _aAmérica Latina _xPolítica económica |
|
| 710 | 2 |
_92631 _aUnited Nations. _bEconomic Commission for Latin America and the Caribbean. |
|
| 942 |
_2lcc _cBK |
||